000 00306nam a22001457a 4500
008 210527b ||||| |||| 00| 0 eng d
020 _a
041 _aeng
080 _a541
082 _a541
100 _a12
101 _aKIM
245 _aClastic Diagenesis
_cDavid A. Mcdonald
942 _2udc
_cBK
999 _c57701
_d57701